ចិញ្ចៀនវេទមន្ត : (Record no. 8818)
[ view plain ]
| 000 -LEADER | |
|---|---|
| fixed length control field | 02096nam a22003017a 4500 |
| 001 - CONTROL NUMBER | |
| control field | 8818 |
| 003 - CONTROL NUMBER IDENTIFIER | |
| control field | FISKH |
| 005 - DATE AND TIME OF LATEST TRANSACTION | |
| control field | 20251021164648.0 |
| 008 - FIXED-LENGTH DATA ELEMENTS--GENERAL INFORMATION | |
| fixed length control field | 251021b cb ||||| |||| 00| 0 eng d |
| 020 ## - INTERNATIONAL STANDARD BOOK NUMBER | |
| International Standard Book Number | 9789996301896 |
| 040 ## - CATALOGING SOURCE | |
| Original cataloging agency | FISKH |
| Language of cataloging | khr |
| Transcribing agency | FISKH |
| Modifying agency | FISKH |
| 050 ## - LIBRARY OF CONGRESS CALL NUMBER | |
| Classification number | PZ7 |
| 082 ## - DEWEY DECIMAL CLASSIFICATION NUMBER | |
| Classification number | 895 |
| 100 ## - MAIN ENTRY--PERSONAL NAME | |
| Personal name | Pisey, Pol |
| 245 ## - TITLE STATEMENT | |
| Title | ចិញ្ចៀនវេទមន្ត : |
| Remainder of title | Magic ring / |
| Statement of responsibility, etc. | អ្នកស្រី ប៉ុល ពិសី |
| 260 ## - PUBLICATION, DISTRIBUTION, ETC. | |
| Place of publication, distribution, etc. | Phnom Penh : |
| Name of publisher, distributor, etc. | Reading Books , |
| Date of publication, distribution, etc. | 2013 . |
| 300 ## - PHYSICAL DESCRIPTION | |
| Extent | 20 pages : |
| Other physical details | color illustrations ; |
| Dimensions | 25 cm . |
| 505 ## - FORMATTED CONTENTS NOTE | |
| Formatted contents note | M <br/> |
| 520 ## - SUMMARY, ETC. | |
| Summary, etc. | រឿងនេះអ្នកនិពន្ធចង់បង្ហាញពីឧបនិស្ស័យរបស់មនុស្សម្នាក់ៗមានភាពខុសប្លែកពីគ្នា គ្មាននរណាដែលគ្មានអ្វីសោះនៅក្នុងខ្លួននោះទេ ។ ដូច្នេះមិនត្រូវមើលងាយទៅលើអ្នកដទៃដែលគ្មានកំហុសនោះទេ នឹងរមែងផ្តល់មកវិញនៅគ្រោះថ្នាក់មកលើខ្លួនវិញជាពុំខាន ដូចពាក្យចាស់លោកថា បាចអង្ក្រាមច្រាសខ្យល់ អង្ក្រាមនោះនឹងបាចមកលើខ្លួនឯងវិញ ។ |
| 520 ## - SUMMARY, ETC. | |
| Summary, etc. | This book is showing that all people but no one are born with different fortunes and aptitudes. Therefore, do not despise others, or else it will of course bring about dangers, like an old saying " Throwing rice husk against wind , "which means husks will spread over those who throw them at last . |
| 521 8# - TARGET AUDIENCE NOTE | |
| Target audience note | 550 <br/> |
| Source | Lexile estimate <br/> |
| 521 8# - TARGET AUDIENCE NOTE | |
| Target audience note | M <br/> |
| Source | Raz-Plus <br/> |
| 650 ## - SUBJECT ADDED ENTRY--TOPICAL TERM | |
| Topical term or geographic name entry element | ចិញ្ចៀនវេទមន្ត |
| Form subdivision | រឿងនិទានកុមារ |
| 650 ## - SUBJECT ADDED ENTRY--TOPICAL TERM | |
| Topical term or geographic name entry element | Magic ring |
| Form subdivision | Children's stories |
| 700 ## - ADDED ENTRY--PERSONAL NAME | |
| Personal name | Sen, Sot |
| Relator term | Illustrator |
| 942 ## - ADDED ENTRY ELEMENTS (KOHA) | |
| Source of classification or shelving scheme | Dewey Decimal Classification |
| Koha item type | Khmer Books |
| Suppress in OPAC | No |
| Withdrawn status | Lost status | Source of classification or shelving scheme | Damaged status | Not for loan | Collection | Home library | Current library | Shelving location | Date acquired | Total Checkouts | Full call number | Barcode | Date last seen | Price effective from | Koha item type |
|---|---|---|---|---|---|---|---|---|---|---|---|---|---|---|---|
| Dewey Decimal Classification | Khmer-English Bilingual / ភាសាខ្មែរ-អង់គ្លេស | Footprints International School Library Network Toul Tom Poung Campus | Footprints International School Library Network Toul Tom Poung Campus | TTP Primary Khmer Bookshelves | 10/21/2025 | PIS PZ7 895 | FISBK03683 | 10/21/2025 | 10/21/2025 | Khmer Books |
